Clubes del fútbol europeo - Estadísticas

Estadísticas generales
  • Esta prueba ha sido intentada 677 veces
  • La puntuación promedio es 12 de 16
Estadísticas de respuestas
Imagen Respuesta % Correcto
Barcelona
100%
Real Madrid
100%
AC Milan
99%
Manchester United
96%
Real Betis
96%
Lyon
91%
Totthenham Hotspur
90%
Borussia Dortmund
89%
Valladolid
80%
Estrella Roja
75%
Feyenoord
74%
Braga
71%
PAOK
47%
Steaua
45%
Ferencvaros
33%
Maribor
17%
No se encontraron pruebas coincidentes
Distribución de puntuación
Porcentaje de gente con cada puntuación
Porcentaje por número respondido
Historial de tus puntuaciones
No has intentado esta prueba.